| 000 | 00955nam a22003017a 4500 | ||
|---|---|---|---|
| 003 | CHAP | ||
| 005 | 20220329133639.0 | ||
| 008 | 971013s1986 r 00010 d | ||
| 010 | _a8998 | ||
| 011 | _a9970 | ||
| 035 | _a9207 | ||
| 040 | _cCHAP | ||
| 082 |
_a530 _bS42Y 1986 |
||
| 100 | 0 | 0 |
_aSears, Francis Weston. _9103460 |
| 245 | _aFísica universitaria | ||
| 260 |
_aMéxico, D. F. : _bSITESA, _c1986 |
||
| 300 |
_a1110 p. _b: ilus. |
||
| 500 | _aTrad. de: University physics 6 ed. 1986 | ||
| 590 |
_aBATCH-UPD _b10 _c20130110 _lUCH01 _h1405 |
||
| 590 |
_aBATCH-UPD _b10 _c20130410 _lUCH01 _h0854 |
||
| 590 |
_aBATCH-UPD _b10 _c20130914 _lUCH01 _h1421 |
||
| 590 |
_aCONVERSION _b10 _c20130109 _lUCH01 _h1306 |
||
| 650 | 1 | 4 |
_aFísica. _941975 |
| 901 | _aBK | ||
| 942 | _cLIBRO | ||
| 949 |
_a530 S42Y 1986 _bBC _cLIBRO _d33724000912036 _eLIBRO _fc.2 _g199097 _h96329 _i9207 _si _t48.00 |
||
| 949 |
_a530 S42Y 1986 _bBC _cLIBRO _d33724002009835 _eLIBRO _h77508 _i9207 _so |
||
| 999 |
_c8998 _d8998 |
||